Diplomat's wife (Record no. 360961)

000 -LEADER
fixed length control field 00426cam a22001457a 4500
008 - FIXED-LENGTH DATA ELEMENTS--GENERAL INFORMATION
fixed length control field 180718b1956 xxu||||| |||| 00| 0 eng d
082 ## - DEWEY DECIMAL CLASSIFICATION NUMBER
Classification number D11 B692
100 ## - MAIN ENTRY--PERSONAL NAME
Personal name Boyce, Richard Fyfe
245 ## - TITLE STATEMENT
Title Diplomat's wife
Statement of responsibility, etc. by Richard Fyfe Boyce
260 ## - PUBLICATION, DISTRIBUTION, ETC.
Place of publication, distribution, etc. New York.
Name of publisher, distributor, etc. Harper
Date of publication, distribution, etc. 1956
300 ## - PHYSICAL DESCRIPTION
Extent 230p.
650 ## - SUBJECT ADDED ENTRY--TOPICAL TERM
Topical term or geographic name entry element Diplomatic and consular service, Americ
650 ## - SUBJECT ADDED ENTRY--TOPICAL TERM
Topical term or geographic name entry element Americans --Foreign countries
650 ## - SUBJECT ADDED ENTRY--TOPICAL TERM
Topical term or geographic name entry element Diplomatsメ spouses
Holdings
Withdrawn status Lost status Damaged status Not for loan Permanent Location Current Location Date acquired Full call number Barcode Date last seen Price effective from Koha item type
        Indian Institute of Public Administration Indian Institute of Public Administration 1994-03-01 D11 B692 12145 2018-07-21 2018-07-21 Book

Powered by Koha